Agregación lineal de relaciones económicas / (Record no. 129487)

MARC details
000 -LEADER
campo de control de longitud fija 00636nam a2200205 i 4500
001 - NÚMERO DE CONTROL
campo de control 129487
003 - IDENTIFICADOR DE NÚMERO DE CONTROL
campo de control ES-MaACL
005 - FECHA Y HORA DE LA ÚLTIMA TRANSACCIÓN
campo de control 20250903022026.0
007 - CAMPO FIJO DE DESCRIPCIÓN FÍSICA--INFORMACIÓN GENERAL
campo de control de longitud fija t|
008 - DATOS DE LONGITUD FIJA--INFORMACIÓN GENERAL
campo de control de longitud fija 070620s1961 sp ||||1| spa d
080 ## - NÚMERO DE LA CLASIFICACIÓN DECIMAL UNIVERSAL
Número de la Clasificación Decimal Universal 330.115(04)
100 1# - ENTRADA PRINCIPAL--NOMBRE DE PERSONA
Nombre de persona Theil, Henri.
9 (RLIN) 109889
245 10 - MENCIÓN DEL TÍTULO
Título Agregación lineal de relaciones económicas /
Mención de responsabilidad, etc. H. Theil ; traducción del inglés por Héctor Correa.
260 ## - PUBLICACIÓN, DISTRIBUCIÓN, ETC.
Lugar de publicación, distribución, etc. Madrid :
Nombre del editor, distribuidor, etc. Aguilar,
Fecha de publicación, distribución, etc. 1959.
300 ## - DESCRIPCIÓN FÍSICA
Extensión X, 223 p. :
Otras características físicas il. ;
Dimensiones 23 cm.
650 17 - PUNTO DE ACCESO ADICIONAL DE MATERIA--TÉRMINO DE MATERIA
Término de materia o nombre geográfico como elemento de entrada Economía matemática
Fuente del encabezamiento o término embne
9 (RLIN) 12034
700 1# - ENTRADA AGREGADA--NOMBRE PERSONAL
Nombre de persona Correa, Héctor.
9 (RLIN) 40747
852 ## - LOCALIZACIÓN
Ubicación ES-MaACL
Número de control de estantería C-16470
Sublocalización o colección R.44765
Holdings
Estatus retirado Estado de pérdida Estado de daño No para préstamo Biblioteca de origen Biblioteca actual Ubicación en estantería Fecha de adquisición Fuente de adquisición Total de préstamos Signatura topográfica completa Código de barras Visto por última vez Precio de reemplazo Tipo de ítem Koha
        Biblioteca del Ateneo de Madrid Biblioteca del Ateneo de Madrid Galería 17/01/2008     C-16470 1134840 23/02/2023 23/02/2023 Libro impreso